Las cooperativas y la norma tributaria (Registro nro. 27545)

Detalles MARC
000 -LEADER
fixed length control field 00326 a2200109 4500
001 - CONTROL NUMBER
control field ART_18413
005 - DATE AND TIME OF LATEST TRANSACTION
control field 20260410161919.0
008 - FIXED-LENGTH DATA ELEMENTS--GENERAL INFORMATION
fixed length control field 260409a
100 1# - MAIN ENTRY--PERSONAL NAME
Personal name Rosembuj, Tulio R.
245 10 - TITLE STATEMENT
Title Las cooperativas y la norma tributaria
773 0# - HOST ITEM ENTRY
Title La información
Related parts - Tomo XXXIV, Nº 560 (ago. 1976)
Record control number REV14902

No hay ítems disponibles.